000 00546nam a2200193 i 4500
001 41906
003 ES-MaACL
005 20230906160520.0
007 t|
008 030312s1930 sp ||||1| spa d
080 _a179.9
100 1 _aCasas Gaspar, Enrique.
_936221
245 1 3 _aEl origen del pudor :
_bgenealogía de las ilusiones primarias de amor y belleza /
_cEnrique Casas.
250 _a1ª ed.
260 _aMadrid :
_bPáez,
_c1930.
300 _a196 p. :
_bil. ;
_c22 cm.
650 4 _aPudor.
_916612
852 4 _aES-MaACL
_jA-1367
999 _c41906
_d41906